000 00689cam a2200289 4500
001 J64816
008 000000n2001 000 0 eng u
035 _a(Sirsi) u114161
041 _aeng
050 _a330.941
110 _aCB Hillier Parker
_93660
245 _aEcono-property - July 2001
260 _aLondon
_bCB Hillier Parker
_c2001
300 _a1 pt. ; 30cm.
350 _a0
650 _aBALANCE OF PAYMENTS
650 _aECONOMY
650 _aGDP
650 _aPROPERTY-COMMERCIAL PROPERTY
650 _aGILTS
650 _aINFLATION
650 _aPRODUCER PRICES
650 _aPSBR
650 _aRETAIL SALES
690 _aECONOMIC ISSUES
942 _n0
999 _c101582
_d101582